000
00250nam a2200097Ia 4500
001
1195388
005
20250827021746.0
008
250824s9999 xx 000 0 und d
245
0
_a
GULYABANİ
_c
HÜSEYİN RAHMİ GÜRPINAR
260
_b
ÖZGÜR YAYINLARI
999
_c
1195388
_d
1195388